000 00686nam a2200181Ia 4500
003 GCL
008 140319s9999 xx 000 0 ara d
040 _aGCL /
_cGCL
082 0 4 _a341.8
_bهـ ت
100 1 _aهشام على صادق
245 1 0 _aتنازع القوانين دراسة عقارية فى المبادىء العامة والجلول الوضنية المقررة فى التشريع المصرى /
_cهشام على صادق
260 _a[S.N] :
_bمنشاة المعارف الاسلامية ،
_c1991
300 _a911 ص
490 _aالكتب القانونية
_v0
650 0 4 _aالقانون
650 0 4 _aالقانون الدولى
942 _2ddc
_cBK
999 _c29250
_d29250